| 000 | 01076cam a2200277 4500 | ||
|---|---|---|---|
| 008 | 050223n2005 000 0 eng u | ||
| 020 | _a0750666293 | ||
| 035 | _a(Sirsi) u128872 | ||
| 041 | _aeng. | ||
| 050 |
_a658.404 _c18 |
||
| 100 | _aEdwards,P.J, | ||
| 245 | _aRisk management in project organisations | ||
| 260 |
_aOxford _bButterworth-Heinemann _c2005 |
||
| 300 |
_a189p. _bill. _c24cm. |
||
| 350 | _a17.95 | ||
| 520 | _aA generic project management text on managing risks intended to enhance the understanding of risk. Aimed at project managers and students in a wide range of disciplines and professions including construction and property. It aims to raise the organisation's awareness of the risks facing it and to formalise the systems needed to deal with and learn from those risks. | ||
| 590 | _aNB | ||
| 650 | _aRISK MANAGEMENT | ||
| 650 | _aPROJECT ORGANISATION | ||
| 650 | _aDECISION MAKING | ||
| 650 | _aRISK MANAGEMENT PROCESS | ||
| 650 | _aRISK ANALYSIS | ||
| 690 |
_aProject management _96261 |
||
| 700 | _aBowen, P. A. | ||
| 942 | _n0 | ||
| 999 |
_c104029 _d104029 |
||